000 00530ntaaa2200193 4500
003 01
005 20251027201630.0
008 0714s1973 ag 01
040 _aAR-BaBN
_bspa
_cAR-BaBN
_eaacr
_dRIC
082 _a231.7300 G58c
100 _aGonzalez Faus, Jose Ignacio
_915057
245 _aClamor del reino: estudio sobre los milagros de Jesús
250 _a1 ed.
260 _aSalamanca :
_bSigueme,
_c1982
300 _a214 p22cm
500 _aContiene referencias bibliograficas
650 _aMilagros
_94358
942 _cBK
999 _c11013
_d11013